Piłkarze PSG i Ich Narodowości - Statystyki

Ogólne statystyki
  • Ten quiz został rozwiązany 932 razy
  • Średni wynik to 33 z 36
Statystyki odpowiedzi
Hint Odpowiedź % Poprawnych
Alexandre Letellier Francja
100%
Presnel Kimpembe Francja
100%
El Chadaille Bitshiabu Francja
100%
Layvin Kurzawa Francja
100%
Teddy Alloh Francja
100%
Colin Dagba Francja
100%
Nathan Bitumazala Francja
100%
Junior Dina Ebimbe Francja
100%
Edouard Michut Francja
100%
Bandiougou Fadiga Francja
100%
Ismael Gharbi Francja
100%
Kylian Mbappe Francja
100%
Marquinhos Brazylia
99%
Neymar Brazylia
99%
Leonardo Paredes Argentyna
98%
Lionel Messi Argentyna
98%
Angel Di Maria Argentyna
98%
Mauro Icardi Argentyna
98%
Gianluigi Donnarumma Włochy
98%
Denis Franchi Włochy
98%
Marco Veratti Włochy
98%
Sergio Rico Hiszpania
97%
Sergio Ramos Hiszpania
97%
Juan Bernat Hiszpania
97%
Ander Herrera Hiszpania
97%
Thilo Kehrer Niemcy
91%
Julian Draxler Niemcy
91%
Nuno Mendes Portugalia
91%
Danilo Pereira Portugalia
91%
Achraf Hakimi Maroko
89%
Keylor Navas Kostaryka
86%
Georginio Wijnaldum Holandia
85%
Xavi Simons Holandia
85%
Idrissa Gueye Senegal
68%
Abdou Diallo Senegal
66%
Garissone Innocent Haiti
14%
Nie znaleziono quizów pasujących do podanych kryteriów
Rozkład punktacji
Procent ludzi z każdym wynikiem
Percentyl według liczby udzielonych odpowiedzi
Twoja historia wyników
Nie rozwiązałeś tego quizu